| 000 | 00824cad a22001935a 4500 | ||
|---|---|---|---|
| 001 | L151999 | ||
| 008 | 110120s2010 xxk f 000 0 eng d | ||
| 035 | _a(Sirsi) u151999 | ||
| 041 | 0 | _aeng | |
| 110 | 2 |
_aUnited Kingdom _bHM Treasury |
|
| 245 | 0 | 0 |
_aInfrastructure cost review _btechnical report _h[electronic resource] |
| 260 |
_aLondon _bHM Treasury _c2010 |
||
| 520 | _aDetailed coverage of the methodology, analysis of findings and conclusions from the investigation published in the Infrastructure cost review main report; includes construction output data. | ||
| 590 | _aKA NTK | ||
| 651 | 4 |
_aEngland and Wales _y1543- |
|
| 690 | _aPROPERTY-INFRASTRUCTURE | ||
| 856 | 4 | 0 |
_uhttps://www.hm-treasury.gov.uk/d/cost_study_technicalnote211210.pdf _zView the document free of charge at www.hm-treasury.gov.uk |
| 942 | _n0 | ||
| 999 |
_c111787 _d111787 |
||